[Event "Guingamp op 7th"]
[Site "Guingamp"]
[Date "2003.03.04"]
[Round "5"]
[White "Forthofer, Robert"]
[Black "Sorin, Bruno"]
[Result "1-0"]
[WhiteElo "2183"]
[BlackElo "2066"]
[PlyCount "43"]
[EventDate "2003.03.02"]
[EventType "swiss"]
[EventRounds "9"]
[EventCountry "FRA"]
[SourceTitle "EXT 2004"]
[Source "ChessBase"]
[SourceDate "2003.11.25"]
[SourceVersion "1"]
[SourceVersionDate "2003.11.25"]
[SourceQuality "1"]

1. f4 d5 2. Nf3 Nf6 3. e3 e6 4. d4 Be7 5. Bd3 0-0 6. Nbd2 b6 7. Qe2 c5 8. c3 Bb7 9. 0-0 Ne4 10. g4 Nd7 11. Ne5 f6 12. Nxd7 Qxd7 13. Qg2 Nxd2 14. Bxd2 Bd6 15. Be1 e5 16. Bf5 Qe7 17. g5 cxd4 18. Bxh7+ Kf7 19. Bg6+ Ke6 20. fxe5 Bxe5 21. cxd4 Bb8 22. Qg4+ 1-0

[Event "FRA-ch op-A"]
[Site "Auxerre"]
[Date "1996.??.??"]
[Round "?"]
[White "Gaillard, Bruno"]
[Black "Sorin, Bruno"]
[Result "1-0"]
[WhiteElo "2050"]
[BlackElo "1900"]
[PlyCount "81"]
[EventDate "1996.08.??"]
[EventType "swiss"]
[EventRounds "10"]
[EventCountry "FRA"]
[SourceTitle "EXT 2004"]
[Source "ChessBase"]
[SourceDate "2003.11.25"]
[SourceVersion "1"]
[SourceVersionDate "2003.11.25"]
[SourceQuality "1"]

1. d4 Nf6 2. c4 g6 3. Nc3 Bg7 4. e4 d6 5. Be2 0-0 6. Be3 e5 7. d5 Ne8 8. f3 f5 9. h4 f4 10. Bf2 h5 11. Qd2 g5 12. hxg5 Qxg5 13. Rh2 Bh6 14. 0-0-0 Nf6 15. Nh3 Qg6 16. Rg1 Ng4 17. Rhh1 Nxf2 18. Nxf2 a6 19. Nd3 Nd7 20. Kb1 Nf6 21. Bd1 Kf7 22. c5 Bd7 23. Bb3 Ke7 24. a4 Qf7 25. Nxe5 Qe8 26. Ng6+ Qxg6 27. Qd4 Rfe8 28. Qb4 Ng8 29. Ka1 Bg7 30. Ne2 Qf6 31. Bc2 h4 32. Nc1 b6 33. c6 a5 34. Qa3 Bc8 35. e5 Qh6 36. exd6+ Qxd6 37. Re1+ Kd8 38. Qxd6+ cxd6 39. c7+ Kd7 40. Bf5+ Kxc7 41. Rxe8 1-0